| 000 | 01181naa a22003017a 4500 | ||
|---|---|---|---|
| 001 | BR9404115 | ||
| 003 | BR-BrBNA | ||
| 005 | 20250721155500.0 | ||
| 007 | ta | ||
| 008 | 250630b bl.|||m| |||| 00| 0 por d | ||
| 040 |
_aBR-BrBNA _bpor _cBiblioteca Nacional de Agricultura |
||
| 041 | _a(Pt) | ||
| 072 |
_aP34 _b2320 _b2121 _b0312 |
||
| 090 | _aP34 BR9404115 | ||
| 100 | 1 | _aChu, E.Y. | |
| 111 | 1 |
_a1. Simposio do Tropico Umido _cBelem, PA (Brazil) _d12-17 Nov 1984 |
|
| 245 | 1 | _aQuantificacao de generos de micorriza vesicular-arbuscular nas culturas de pimenta-do-reino, guarana e dende na Amazonia Oriental | |
| 500 | _aAnais do 1. Simposio do Tropico Umido v. 1 Clima e Solo Belem, PA (Brasil): 1984. p. 311-317 [Summaries (En, Pt); 11 ref.] (BR9404115-AMS) | ||
| 773 | 0 |
_tAnais do 1. Simposio do Tropico Umido v. 1 Clima e Solo _wP34 BR9404115 _gBelem, PA (Brasil), 1984. p. 311-317 |
|
| 650 | _aPimenta do Reino | ||
| 650 | _aGuarana | ||
| 650 | _aDende | ||
| 650 | _aMicorriza | ||
| 650 | _aAmazonia | ||
| 490 |
_aDocumentos - Centro de Pesquisa Agropecuaria do Tropico Umido (Brazil) _vno. 36 |
||
| 942 |
_cAMS _2AGRIS |
||
| 909 |
_a202506 _bLúcia _c55 _dLúcia Elande |
||
| 999 |
_c336746 _d336746 |
||